00305nam a2200085Ia 4500008004100000082001300041100002000054245010800074500003700182190716s9999 xx 000 0 und d aTG- 302# aGangi Reddy, Y. 0aStudy of rural industrialisation in drought prone region : with special reference to Anantpur district  aContinued in Next Acc. No. MF344